1802 1212 1764 1743 1186 1467 1739 1222 1513 1550 1904 1511 1162 1670 1254 1675 1764 1966 1051 1430 1257 1383 1915 1553 1288 1021 1890 1828 1718 1624 1640 1027 1186 1932 1701 1476 1258 1954 1466 1600 1610 1945 1155 1551 1271 1845 1473 1314 1865 1899 1607 1523 1234 1037 1984 1454 1259 1092 1171 1286 1817 1353 1002 1950 1913 1432 1222 1384 1432 1157 1058 1008 1009 1732 1743 1623 1149 1850 1644 1019 1648 1075 1407 1328 1880 1255 1095 1256 1364 1285 1007 1668 1885 1309 1318 1083 1781 1837 1618 BCNSPRNW ULIB Ver.6.0+V

เปลี่ยนเป็นภาษาไทย

Change to English
 แสดงรายละเอียดบรรณานุกรม
  กลับหน้าหลัก

Brief Record : Get Marc (ISO 2709) : E-mail record : QR code < ปิดหน้าต่าง
LEADER : 00000nam 2200000uu 4500
001    13399113632
003     ULIB
008    110824s2550||||th 000 0 tha d
020    9786115200092
090    นว.^bล965ค 2550
100 0  โลรี, พีดีไอ
245 00 ความลับแห่งกุหลาบ = Secrets of the rose/^cโลรี, พีดีไอ
250    พิมพ์ครั้งที่ 1
260    กรุงเทพฯ :^b1168พับลิชชิ่ง,^c2550
300    446 หน้า
710 1  1168พับลิชชิ่ง
945    ^p245^l0^i021011
995    ทศพร
999     ^aใช้งานได้ทุกระบบ
รายการนี้ยังไม่มีแท็ก
คุณยังไม่ได้ล็อกอิน คุณสามารถมีกิจกรรมร่วมกับเว็บไซต์ได้ แต่ต้องล็อกอินก่อน ::
  ล็อกอิน

รายการสื่อสารสนเทศ

ลำดับที่ ประเภท เลขเรียก/บาร์โค้ด สถานที่ สถานะ
1. นวนิยาย
นวนิยาย
นว. ล965ค 2550 ฉ.1 
  Barcode: 021011
ห้องสมุดวิทยาเขตสวรรค์ประชารักษ์
►นวนิยาย
บนชั้น
  ขอยืม

BibComment


ยังไม่เคยถูกคอมเมนท์

คอมเมนท์ทรัพยากรรายการนี้
  คอมเมนท์: ความลับแห่งกุหลาบ..


 Copyright 2026. Bcnsprnw @Library